S pomocou TWI k štíhlej výrobe

Nástrojom na zavedenie metód štíhlej výroby je metóda TWI (Training Within Industry), ktorá pochádza z USA. TWI je nástroj na riadenie a motiváciu zamestnancov. Profesionálny rozvoj a zlepšovanie procesov.

Saved in:
Bibliographic Details
Main Author: Šimáková, Markéta
Format: Book Chapter
Language:Slovak
Subjects:
Tags: Add Tag
No Tags, Be the first to tag this record!

MARC

LEADER 00000naa a2200000 4500
001 0177549
005 20220725111607.3
041 0 |a slo 
044 |a SK 
245 1 0 |a S pomocou TWI k štíhlej výrobe  |c Markéta Šimáková 
520 |a Nástrojom na zavedenie metód štíhlej výroby je metóda TWI (Training Within Industry), ktorá pochádza z USA. TWI je nástroj na riadenie a motiváciu zamestnancov. Profesionálny rozvoj a zlepšovanie procesov. 
610 2 0 |a manažment 
610 2 0 |a procesy podnikové 
610 2 0 |a metódy riadenia 
610 2 0 |a vedenie ľudí 
610 2 0 |a motivácia 
610 2 0 |a vedenie podniku 
610 2 0 |a výroba štíhla 
100 1 |a Šimáková, Markéta